| 000 | 01951nam0a22004331 4500 | ||
|---|---|---|---|
| 001 | rc\3974244 | ||
| 005 | 20211126141229.0 | ||
| 021 |
_aRU _b[47-17710] |
||
| 035 | _a(NLR Aleph) 008057667 | ||
| 090 |
_a8982456 _c8982456 |
||
| 100 | _a20130415d1947 |||y0rusy50 ca | ||
| 101 | 0 | _arus | |
| 102 | _aRU | ||
| 105 | _aab j ||||| | ||
| 135 | _acrmn mmmanaba | ||
| 200 | 1 |
_aВоенная топография _eУчебник для воен. училищ Вооруж. Сил СССР _fВоен. топогр. упр. Ген. штаба Вооруж. Сил СССР |
|
| 205 | _a3-е изд., испр. и доп. | ||
| 210 |
_aМосква _cВоен. изд-во _d1947 |
||
| 215 |
_a318 с. _cил., карт. _d23 |
||
| 300 | _aПеред загл. авт.: полк. Бубнов И.А., инж.-полк. Кремп А.И., полк. Фолимонов С.И. | ||
| 320 | _aУказатель предметов и терминов: с. 263-308 | ||
| 325 | _aКопия доступна в Электрон. б-ке РНБ | ||
| 606 |
_aТопография военная _jУчебники и пособия _2psbo |
||
| 700 | 1 |
_aБубнов _bИ. А. _gИлья Алексеевич |
|
| 701 | 1 |
_aКремп _bА. И. _gАндриан Иванович |
|
| 701 | 1 |
_aФолимонов _bС. И. _gСергей Иванович |
|
| 801 | 0 |
_aRU _bNLR _gpsbo |
|
| 801 | 1 |
_aRU _bELAR _2rusmarc |
|
| 852 |
_aNLR _jВ10 Г-5/33 |
||
| 856 | 0 | _uhttps://vivaldi.nlr.ru/bx700000959/view | |
| 856 | 1 | _uhttps://vivaldi.nlr.ru/bx700000959/cover | |
| 856 | 2 | _uhttps://vivaldi.nlr.ru/bx700000959/text | |
| 942 | _cBOOK | ||
| 980 | _aNB | ||
| 981 | 4 | 4 | _a(44) Оцифровано по рекомендациям читателей |
| 981 | 2 | 2 |
_a(22) Материалы по истории России _b(22) Военное дело |